| 000 | 00388nam a2200157Ia 4500 | ||
|---|---|---|---|
| 008 | 190328s9999||||xx |||||||||||||| ||und|| | ||
| 020 | _a9781259097348` | ||
| 082 |
_a330 _bCHI/F |
||
| 100 | _aChiang, Alpha C. | ||
| 245 | 0 | _aFundamental Methods of Mathemetical Economics | |
| 250 | _a4th | ||
| 260 |
_aDelhi _bMc Grow Hills _c2016 |
||
| 300 | _a688 | ||
| 650 | _aEconomics | ||
| 942 | _cBK | ||
| 999 |
_c3959 _d3959 |
||